000 00477nab a2200145Ia 4500
003 ES-SlBCS
005 20210601133744.0
008 140529s1994 xxu||||| |||| 00| 0 por d
041 _apor
100 1 _aSantos, Silvia Gombi Borges dos
_9209280
245 0 0 _aViolência e poder em Hannah Arendt
_c Silvia Gombi Borges dos Santos
600 1 4 _aArendt, Hannah
_d, 1906-1975
_927538
773 0 _tEducaçao e Filosofia
_gvol. 8, nº. 16, 1994, págs. 119-128
_wRev1534
942 _cAR
999 _c601594
_d601594